| 000 | 00854nam a2200217Ia 4500 | ||
|---|---|---|---|
| 005 | 20250108125013.0 | ||
| 008 | 008 250107s9999 xx 000 0 hin d | ||
| 037 | _aTB | ||
| 040 |
_aCRL _bhin _cCRL |
||
| 041 |
_ahin _2hin |
||
| 084 | _aO168,1M84x R2 | ||
| 084 | _qCRL | ||
| 100 | _aमुक्तानन्द, ले. | ||
| 245 | 0 |
_aनव योगिनी तन्त्र: महिलाओं के लिए योग साधना पद्धति _cमुक्तानन्द, ले. |
|
| 260 |
_aबिहार, भारत _bयोग पब्लिकेशन्स ट्रस्ट _c2967 |
||
| 300 | _a240पृ0 | ||
| 365 |
_aINR _b400 |
||
| 650 | _aआध्यात्मिक अनुभव और रहस्यवाद | ||
| 942 |
_cTB _hO168,1M84x R2 |
||
| 999 |
_c1235355 _d1235355 |
||